[Event "Open Duras BVK FIDE"]
[Site "Brno CZE"]
[Date "2009.06.26"]
[Round "1"]
[White "Majer,J"]
[Black "Glacner,K"]
[Result "1-0"]
[WhiteElo "2285"]
[BlackElo "1834"]
[EventDate "2009.06.26"]

1. d4 Nf6 2. Nf3 d5 3. Bf4 Nh5 4. Bg5 Bg4 5. Nbd2 f6 6. Bh4 g5 7. Bg3 Bh6
8. e3 Ng7 9. h3 Bf5 10. c4 e6 11. Qb3 b6 12. Rc1 c6 13. cxd5 exd5 14. Bxb8
Rxb8 15. Rxc6 O-O 16. Ba6 Kh8 17. O-O g4 18. hxg4 Bxg4 19. Rfc1 Rg8 20. Bd3
Ne6 21. Qc2 Ng5 22. Nxg5 Bxg5 23. Bf5 Bxf5 24. Qxf5 Rb7 25. Nf3 Rbg7 26.
Rc8 Qd7 27. Rxg8+ Kxg8 28. Rc8+ Qxc8 29. Qxc8+ Kf7 30. Qd7+ Kg6 31. Qxd5
1-0

[Event "Open Duras BVK FIDE"]
[Site "Brno CZE"]
[Date "2009.06.26"]
[Round "1"]
[White "Feranec,M"]
[Black "Vesely,Ja"]
[Result "0-1"]
[WhiteElo "1834"]
[BlackElo "2046"]
[EventDate "2009.06.26"]

1. Nf3 d5 2. b3 c5 3. e3 Nc6 4. Bb2 Bg4 5. Be2 e6 6. O-O Nf6 7. d3 Be7 8.
Nbd2 O-O 9. Re1 Qc7 10. a3 Rad8 11. Rc1 e5 12. Nf1 Rfe8 13. Ng3 Bc8 14. Nd2
Bf8 15. c4 d4 16. e4 g6 17. Rb1 Nd7 18. Bg4 Bd6 19. Bc1 Nf8 20. Bxc8 Rxc8
21. Rf1 Ne6 22. Ne2 f6 23. g3 g5 24. Kh1 Kh8 25. Ng1 Qf7 26. Qf3 Rg8 27.
Qg2 Rg6 28. Ndf3 Rcg8 29. Bd2 Rh6 30. b4 Nf4 31. Bxf4 gxf4 32. bxc5 Bxc5
33. Rb3 b6 34. a4 Qd7 35. Rfb1 Na5 36. Rb5 a6 37. Rxa5 bxa5 38. Ne2 Qxa4
39. Qf1 Qc2 40. Qd1 Qxd1+ 41. Rxd1 fxg3 42. fxg3 Rb8 43. Nh4 Rb2 44. Ng1 a4
45. Ngf3 a3 46. Ng2 Rg6 47. Rd2 Rxd2 48. Nxd2 a2 49. Nb3 Rg8 0-1

[Event "Open Duras BVK FIDE"]
[Site "Brno CZE"]
[Date "2009.06.26"]
[Round "1"]
[White "Zavadil,M"]
[Black "Zikan,K"]
[Result "1-0"]
[WhiteElo "2039"]
[BlackElo "1816"]
[EventDate "2009.06.26"]

1. d4 Nf6 2. c4 e6 3. Nc3 d5 4. cxd5 exd5 5. Bg5 Be7 6. e3 c6 7. Bd3 Nbd7
8. Qc2 h6 9. Bf4 Nh5 10. Be5 Nxe5 11. dxe5 g5 12. Nge2 Ng7 13. O-O O-O 14.
Kh1 f6 15. exf6 Bxf6 16. Rad1 Qe7 17. a3 Be5 18. e4 d4 19. Nxd4 Bxd4 20.
Bc4+ Be6 21. Rxd4 Qc5 22. Bxe6+ Nxe6 23. Rd7 Rf7 24. Rxf7 Kxf7 25. Rd1 Ke7
26. Qe2 Qe5 27. Qc4 Qc7 28. Qb4+ Kf7 29. e5 c5 30. Qe4 Kg7 31. g3 Nd4 32.
Nd5 Qf7 33. Nf6 Kf8 34. f4 Qb3 35. Rf1 Qc4 36. Kg2 Qc2+ 37. Qxc2 Nxc2 38.
Rc1 Ne3+ 39. Kf3 1-0

[Event "Open Duras BVK FIDE"]
[Site "Brno CZE"]
[Date "2009.06.26"]
[Round "1"]
[White "Strnad,O"]
[Black "Balazec,L"]
[Result "1/2-1/2"]
[WhiteElo "1761"]
[BlackElo "2032"]
[EventDate "2009.06.26"]

1. d4 d5 2. c4 e6 3. Nc3 Nf6 4. Bg5 Nbd7 5. Nf3 c6 6. e3 Qa5 7. Qc2 Bb4 8.
a3 Ne4 9. Rc1 Bxc3+ 10. bxc3 Qxa3 11. Bd3 Nxg5 12. Nxg5 h6 13. Nf3 dxc4 14.
Bxc4 O-O 15. O-O b5 16. Bd3 Qe7 17. Ra1 a5 18. Rfb1 Bb7 19. c4 b4 20. c5
Nf6 21. Ne5 Nd5 22. Nc4 Qc7 23. Rb2 Nc3 24. Nb6 Ra7 25. Rxb4 axb4 26. Rxa7
Nb5 27. Bxb5 cxb5 28. Qb3 Bd5 29. Rxc7 Bxb3 30. Rb7 Bc2 31. Nd7 Be4 32. Rb6
Rd8 33. Ne5 f6 34. Nf3 Bc6 35. Rxc6 b3 36. Rb6 b2 37. Rxb5 Ra8 38. h4 Rc8
39. Nd2 Kf7 40. Nc4 Ke8 41. d5 Rc6 42. Rxb2 Kf7 43. Kf1 Ke7 44. Ke2 g5 45.
hxg5 hxg5 46. Kd2 g4 47. Rb5 Ra6 48. f4 Ra3 49. Rb6 Kf7 1/2-1/2

[Event "Open Duras BVK FIDE"]
[Site "Brno CZE"]
[Date "2009.06.26"]
[Round "1"]
[White "Zabensky,J"]
[Black "Milfort,V"]
[Result "1-0"]
[WhiteElo "1999"]
[BlackElo "1731"]
[EventDate "2009.06.26"]

1. e4 c5 2. Nc3 a6 3. g3 Nc6 4. Bg2 Nf6 5. d3 e6 6. f4 d6 7. Nf3 Be7 8. O-O
Qc7 9. Kh1 Bd7 10. d4 cxd4 11. Nxd4 Nxd4 12. Qxd4 O-O 13. f5 e5 14. Qd1 Qc4
15. Re1 Rac8 16. Bg5 Qc5 17. Be3 Qc7 18. g4 b5 19. g5 Ne8 20. Nd5 Qd8 21.
Bb6 Nc7 22. Nxc7 Rxc7 23. Rf1 Bxg5 24. Qxd6 Bf4 25. Bxc7 Qh4 26. Rxf4 1-0

[Event "Open Duras BVK FIDE"]
[Site "Brno CZE"]
[Date "2009.06.26"]
[Round "1"]
[White "Docekal,A"]
[Black "Vavra,M"]
[Result "0-1"]
[WhiteElo "1714"]
[BlackElo "1995"]
[EventDate "2009.06.26"]

1. e4 c5 2. Nc3 d6 3. f4 Nc6 4. Nf3 Bg4 5. Be2 g6 6. h3 Bxf3 7. Bxf3 e6 8.
O-O Bg7 9. Ne2 Nge7 10. c3 Qb6 11. Kh1 O-O 12. g4 d5 13. d3 Rad8 14. e5 f6
15. exf6 Rxf6 16. Ng3 Qc7 17. g5 Rf7 18. Bg4 Nf5 19. Bxf5 exf5 20. Re1 Qd6
21. Bd2 b5 22. Qf3 d4 23. c4 bxc4 24. dxc4 d3 25. Bc3 Nd4 26. Bxd4 Qxd4 27.
Red1 Qxb2 28. Rab1 Qxa2 0-1

[Event "Open Duras BVK FIDE"]
[Site "Brno CZE"]
[Date "2009.06.27"]
[Round "2"]
[White "Smistik,M"]
[Black "Majer,J"]
[Result "1-0"]
[WhiteElo "2311"]
[BlackElo "2285"]
[EventDate "2009.06.26"]

1. e4 Nf6 2. e5 Nd5 3. d4 c6 4. Nf3 d6 5. Be2 Nd7 6. O-O dxe5 7. Nxe5 Nxe5
8. dxe5 Bf5 9. c4 Nb6 10. g4 Qxd1 11. Rxd1 Bxb1 12. Rxb1 e6 13. Be3 Be7 14.
b4 Rd8 15. Rxd8+ Kxd8 16. a4 Kc7 17. a5 Nc8 18. a6 Nb6 19. axb7 Kxb7 20.
Bf3 a6 21. b5 axb5 22. Rxb5 Bd8 23. c5 Ka6 24. Bxc6 Nc4 25. Rb8 Ka5 26. Bd4
1-0

[Event "Open Duras BVK FIDE"]
[Site "Brno CZE"]
[Date "2009.06.27"]
[Round "2"]
[White "Vesely,Ja"]
[Black "Jurka,M"]
[Result "0-1"]
[WhiteElo "2046"]
[BlackElo "2309"]
[EventDate "2009.06.26"]

1. c4 c5 2. Nc3 Nc6 3. g3 g6 4. Bg2 Bg7 5. e3 e5 6. Nge2 Nge7 7. O-O O-O 8.
Nd5 d6 9. Nec3 Rb8 10. b3 Nxd5 11. Nxd5 a6 12. Bb2 b5 13. d3 Ne7 14. Qe2
Be6 15. Rad1 Qd7 16. Nxe7+ Qxe7 17. Bd5 Bxd5 18. cxd5 a5 19. Bc3 b4 20. Bb2
f5 21. f3 a4 22. e4 Ra8 23. Ra1 Ra7 24. bxa4 Rxa4 25. a3 b3 26. Rfc1 fxe4
27. fxe4 Qd7 28. Rc4 Ra7 29. Kg2 h5 30. Rf1 Rxf1 31. Qxf1 h4 32. h3 hxg3
33. Qf3 Bh6 34. Qxg3 Kh7 35. Qg4 Qxg4+ 36. hxg4 Be3 37. Rc3 Rb7 38. Rc4 Rf7
39. Kg3 Rf2 40. Bc1 b2 41. Bxe3 Re2 42. Kf3 Rxe3+ 43. Kxe3 b1=Q 0-1

[Event "Open Duras BVK FIDE"]
[Site "Brno CZE"]
[Date "2009.06.27"]
[Round "2"]
[White "Cagasik,T"]
[Black "Zavadil,M"]
[Result "1-0"]
[WhiteElo "2259"]
[BlackElo "2039"]
[EventDate "2009.06.26"]

1. e4 e5 2. Nf3 Nc6 3. Bc4 Bc5 4. c3 Nf6 5. d4 exd4 6. O-O Nxe4 7. cxd4 d5
8. dxc5 dxc4 9. Qxd8+ Kxd8 10. Rd1+ Bd7 11. Be3 Kc8 12. Na3 c3 13. b4 Re8
14. Nc2 Bg4 15. Re1 a6 16. Nfd4 Bd7 17. Nxc6 Bxc6 18. Bd4 Re6 19. f3 Ng5
20. Bxc3 Rxe1+ 21. Rxe1 Ne6 22. Nd4 Nxd4 23. Bxd4 Kd7 24. Bxg7 Bxf3 25. Bf6
Bd5 26. Re7+ Kc6 27. Be5 Rc8 28. a4 b6 29. Bd4 bxc5 30. Bxc5 Be6 31. a5 h5
32. h4 Rd8 33. Kh2 Rg8 34. g3 Rd8 35. Kg2 Rd7 36. Re8 Bg4 37. Be3 Rd6 38.
Rb8 Rd5 39. Re8 Rd6 40. Kf2 Rf6+ 41. Bf4 Re6 42. Ra8 Kb5 43. Rb8+ Kc6 44.
Be3 Re5 45. Rf8 Rf5+ 46. Bf4 Kb7 47. Ke3 Bd1 48. Re8 Rf6 49. Kd2 Bg4 50.
Re7 Rc6 51. Rxf7 Rc4 52. Kd3 Rxb4 53. Rxc7+ Ka8 54. Be3 Rb2 55. Ke4 Rb4+
56. Bd4 Kb8 57. Rg7 Be2 58. Ke3 Bg4 59. Rxg4 hxg4 60. h5 Rb7 61. h6 Rh7 62.
Bg7 1-0

[Event "Open Duras BVK FIDE"]
[Site "Brno CZE"]
[Date "2009.06.27"]
[Round "2"]
[White "Vavra,M"]
[Black "Meszaros,Lu"]
[Result "0-1"]
[WhiteElo "1995"]
[BlackElo "2218"]
[EventDate "2009.06.26"]

1. Nf3 Nf6 2. c4 g6 3. Nc3 Bg7 4. d4 O-O 5. g3 d6 6. Bg2 Nc6 7. O-O Nd7 8.
b3 e5 9. Bg5 f6 10. Be3 h6 11. Qd2 Kh7 12. Rad1 Ne7 13. Qc2 Nf5 14. Bc1 Rf7
15. Nd5 Nf8 16. dxe5 fxe5 17. h4 c6 18. Nc3 Nd4 19. Nxd4 exd4 20. Nb1 Bf5
21. Be4 Bxe4 22. Qxe4 Qd7 23. e3 Re8 24. Qg2 Ne6 25. Bb2 dxe3 26. fxe3
Rxf1+ 27. Rxf1 Bxb2 28. Qxb2 Ng7 29. Qf2 Qe7 30. Re1 Rf8 31. Qg2 Qe5 32.
Nd2 Qc3 33. g4 h5 34. Re2 Qa1+ 35. Kh2 Qf6 36. g5 Qe5+ 37. Qg3 Qe6 38. e4
d5 39. cxd5 cxd5 40. Qg2 d4 41. Rf2 Qe5+ 42. Kg1 Rc8 43. Qh2 Rc1+ 44. Rf1
Rxf1+ 45. Nxf1 Qxe4 46. Ng3 Qg4 47. Kf2 d3 48. Ke1 Qf4 49. Kd1 Nf5 0-1

[Event "Open Duras BVK FIDE"]
[Site "Brno CZE"]
[Date "2009.06.27"]
[Round "2"]
[White "Mlynek,P"]
[Black "Zabensky,J"]
[Result "1-0"]
[WhiteElo "2217"]
[BlackElo "1999"]
[EventDate "2009.06.26"]

1. d4 Nf6 2. c4 e6 3. g3 Bb4+ 4. Bd2 Qe7 5. Nf3 Nc6 6. Bg2 O-O 7. O-O Bxd2
8. Qxd2 d6 9. Nc3 e5 10. d5 Nb8 11. e4 a5 12. Ne1 Na6 13. Nd3 Bd7 14. f4 c6
15. Rae1 Nb4 16. Rd1 Nxd3 17. Qxd3 c5 18. f5 a4 19. Bf3 h6 20. Rd2 Rfb8 21.
h4 Nh7 22. Rh2 Ra5 23. Be2 f6 24. Bh5 b5 25. cxb5 Bxb5 26. Nxb5 Raxb5 27.
Rff2 Qb7 28. Bg6 Nf8 29. g4 Rb4 30. g5 Qb5 31. Qg3 Rxe4 32. gxf6 Re1+ 33.
Kg2 Rb7 34. f7+ Rxf7 35. Bxf7+ Kxf7 36. Rh3 Qc4 37. Qf3 Qc1 38. f6 g6 39.
Kh2 Rd1 40. b3 a3 41. Rg3 Rd4 42. Rg4 Rd1 43. Ra4 Rd4 44. Rxd4 cxd4 45. Qd3
Qe1 46. Kg2 Nd7 47. h5 Nf8 48. Qc2 Qc3 49. Qxc3 dxc3 50. Rc2 Nd7 51. Rxc3
gxh5 52. Rc7 1-0

[Event "Open Duras BVK FIDE"]
[Site "Brno CZE"]
[Date "2009.06.27"]
[Round "2"]
[White "Mudra,T"]
[Black "Kubicek,P"]
[Result "1-0"]
[WhiteElo "2150"]
[BlackElo "1982"]
[EventDate "2009.06.26"]

1. c4 b6 2. Nc3 Bb7 3. e4 e5 4. g3 Bc5 5. Bg2 Ne7 6. Nge2 Nbc6 7. a3 a5 8.
O-O O-O 9. d3 Rb8 10. Be3 Nd4 11. Rb1 Nec6 12. Nd5 Nxe2+ 13. Qxe2 Nd4 14.
Qd1 c6 15. Nc3 Qe7 16. Na4 f5 17. Nxc5 Qxc5 18. exf5 Rxf5 19. Qa4 Rbf8 20.
b4 axb4 21. axb4 Qd6 22. c5 Qf6 23. Be4 h5 24. Qd1 bxc5 25. bxc5 Ba6 26.
Ra1 Bb5 27. Ra7 Nf3+ 28. Kg2 h4 29. Rxd7 h3+ 30. Kh1 Ng5 31. Rd6 Qe7 32.
Bxf5 Rxf5 33. Qg4 Nf7 34. Qxf5 Nxd6 35. cxd6 Qxd6 36. Ra1 Qd8 37. Qe6+ Kh7
38. Qxh3+ Kg8 39. Qe6+ Kh7 40. Qxe5 Bxd3 41. Bd4 Qf8 42. Qxg7+ 1-0

[Event "Open Duras BVK FIDE"]
[Site "Brno CZE"]
[Date "2009.06.27"]
[Round "2"]
[White "Kratochvil,K"]
[Black "Martisek,K"]
[Result "0-1"]
[WhiteElo "2113"]
[BlackElo "1888"]
[EventDate "2009.06.26"]

1. e4 d5 2. exd5 Nf6 3. c4 e6 4. dxe6 Bxe6 5. d4 c6 6. Nc3 Bd6 7. Nf3 O-O
8. Bd3 h6 9. h3 Re8 10. O-O Nbd7 11. b3 Qa5 12. Bb2 Qh5 13. Re1 Bxh3 14.
Rxe8+ Rxe8 15. gxh3 Qxh3 16. Bf1 Qg4+ 17. Bg2 h5 18. Ne5 Qh4 19. Qf3 Nxe5
20. dxe5 Bxe5 21. Re1 Ng4 22. Nd1 Bh2+ 23. Kf1 Be5 24. Qh3 Nh2+ 25. Ke2
Bxb2+ 26. Ne3 Qxh3 27. Bxh3 Ng4 28. Rd1 Bf6 29. Rd7 Nxe3 30. fxe3 Re7 31.
Rd3 b6 32. a3 c5 33. b4 cxb4 34. axb4 g5 35. c5 bxc5 36. bxc5 g4 37. Bg2
Be5 38. c6 f5 39. Rd8+ Kg7 40. Bd5 f4 41. Rg8+ Kh6 42. exf4 Bxf4+ 43. Kd3
Bc7 44. Be4 Rg7 45. Rc8 Bb6 46. Rb8 Kg5 47. Bd5 h4 48. Ke2 Kf4 49. Rf8+ Kg3
50. Rb8 Re7+ 51. Kf1 Ba5 52. Rb3+ Kf4 53. Rb1 h3 54. Ra1 Bb6 55. Ra4+ Kg5
56. Ra3 h2 57. Kg2 Re2+ 58. Kh1 Rd2 59. Bg2 Rd1+ 0-1

[Event "Open Duras BVK FIDE"]
[Site "Brno CZE"]
[Date "2009.06.27"]
[Round "2"]
[White "Zemanek,J"]
[Black "Kredl,K"]
[Result "0-1"]
[WhiteElo "1846"]
[BlackElo "2103"]
[EventDate "2009.06.26"]

1. d4 Nf6 2. c4 g6 3. Nc3 Bg7 4. e4 d6 5. Be2 O-O 6. Be3 e5 7. d5 Nbd7 8.
b4 Ne8 9. Qd2 a5 10. bxa5 Rxa5 11. Nf3 f5 12. Bg5 Bf6 13. O-O Nc5 14. Bxf6
Qxf6 15. Qh6 Qg7 16. Qxg7+ Kxg7 17. Nd2 Na4 18. Rfc1 Nxc3 19. Rxc3 b6 20.
a4 fxe4 21. Nxe4 Nf6 22. Nd2 Bd7 23. Rca3 Rfa8 24. Bd1 Ng8 25. f3 Nh6 26.
g4 Nf7 27. Ne4 Nd8 28. Kf2 Nb7 29. Ke3 h6 30. Kd2 Nc5 31. Nc3 Rf8 32. Nb5
Bxb5 33. axb5 Nb7 34. Rxa5 Nxa5 35. Kc3 Rf4 36. Ra4 Kf6 37. h4 g5 38. h5 e4
39. fxe4 Ke5 40. Ra2 Rxe4 41. Be2 Re3+ 42. Bd3 Kf4 43. Rf2+ Kxg4 44. Rf7
Kxh5 45. Rxc7 Nb3 46. Kxb3 Rxd3+ 47. Kc2 Rf3 48. Rb7 g4 49. Rxb6 g3 50. Rb8
Rf4 51. Rg8 Rxc4+ 52. Kd3 Rb4 53. Kc3 Rxb5 54. Kc4 Rc5+ 55. Kd4 Kh4 56. Rg6
h5 57. Rxd6 Rc1 58. Rg6 Kh3 59. Ke3 h4 60. d6 Rd1 61. Ke2 Rd5 62. Kf1 Kh2
63. Ke2 h3 64. Kf3 g2 65. Kf2 Rf5+ 0-1

[Event "Open Duras BVK FIDE"]
[Site "Brno CZE"]
[Date "2009.06.27"]
[Round "2"]
[White "Mlensky,D"]
[Black "Cihal,J"]
[Result "1-0"]
[WhiteElo "2093"]
[BlackElo "1881"]
[EventDate "2009.06.26"]

1. e4 e5 2. f4 d5 3. exd5 e4 4. d3 Nf6 5. dxe4 Nxe4 6. Nf3 Bc5 7. Qe2 Qe7
8. Be3 Bxe3 9. Qxe3 Bf5 10. Nbd2 O-O 11. O-O-O Qc5 12. Qxc5 Nxc5 13. Nd4
Bd7 14. Be2 Nba6 15. Bf3 Rad8 16. N2b3 Rfe8 17. Rhe1 Kf8 18. Nxc5 Nxc5 19.
Nb3 Nxb3+ 20. axb3 Bc8 21. Rxe8+ Kxe8 22. Kd2 Rd6 23. Ke3 a5 24. Ra1 b6 25.
Ra4 Ba6 26. c4 Bb7 27. b4 Ba6 28. bxa5 bxa5 29. c5 1-0

[Event "Open Duras BVK FIDE"]
[Site "Brno CZE"]
[Date "2009.06.27"]
[Round "2"]
[White "Sladek,Vl"]
[Black "Hosek,M"]
[Result "1-0"]
[WhiteElo "2075"]
[BlackElo "2302"]
[EventDate "2009.06.26"]

1. e4 Nf6 2. e5 Nd5 3. d4 d6 4. c4 Nb6 5. exd6 exd6 6. Nc3 Be7 7. Bd3 O-O
8. Nge2 c5 9. d5 N8d7 10. f4 Bh4+ 11. g3 Bf6 12. Qc2 h6 13. Bd2 Re8 14.
O-O-O Nf8 15. h3 Bd7 16. g4 Nc8 17. Rdg1 b5 18. cxb5 Nb6 19. h4 Bd4 20. Rg2
Qc8 21. f5 Bxc3 22. Nxc3 c4 23. Be4 a6 24. f6 g6 25. Bxh6 Bxg4 26. h5 Rxe4
27. Qxe4 Bf5 28. Qe3 Nbd7 29. Bg7 1-0

[Event "Open Duras BVK FIDE"]
[Site "Brno CZE"]
[Date "2009.06.27"]
[Round "2"]
[White "Glacner,K"]
[Black "Pokorny,P"]
[Result "0-1"]
[WhiteElo "1834"]
[BlackElo "2198"]
[EventDate "2009.06.26"]

1. Nf3 f5 2. e3 Nf6 3. Bc4 d5 4. Bb3 e6 5. c3 Bd6 6. h3 b6 7. d3 O-O 8.
Nbd2 Ba6 9. Nf1 Nbd7 10. Ng5 Qe7 11. Ng3 Nc5 12. Bc2 Bxg3 13. fxg3 Nfe4 14.
Nxh7 Kxh7 15. dxe4 Qg5 16. Kd2 dxe4 17. Qe1 Rad8+ 18. Bd3 Nxd3 19. Qg1 Ne1+
20. Kxe1 Qxg3+ 0-1

[Event "Open Duras BVK FIDE"]
[Site "Brno CZE"]
[Date "2009.06.27"]
[Round "2"]
[White "Markovic,Iv CZE"]
[Black "Kukla,T"]
[Result "1/2-1/2"]
[WhiteElo "2194"]
[BlackElo "1851"]
[EventDate "2009.06.26"]

1. e4 c6 2. d4 d5 3. e5 Bf5 4. g4 Be4 5. f3 Bg6 6. h4 h5 7. e6 Qd6 8. exf7+
Bxf7 9. Ne2 hxg4 10. fxg4 e5 11. Nbc3 Nd7 12. Bg2 Qe6 13. Bf3 O-O-O 14. Bg5
Re8 15. Kf2 Ngf6 16. Kg3 Bd6 17. dxe5 Nxe5 18. Nf4 Ng6 19. Qd4 Qe3 20. Qxe3
Rxe3 21. Rae1 Rhe8 22. Rxe3 Rxe3 23. Kf2 Rxc3 24. bxc3 Nxf4 25. Bxf6 gxf6
26. h5 Bg8 27. g5 fxg5 28. Bg4+ Kd8 29. Bf5 Be5 30. h6 Bh8 31. Rg1 Bf6 32.
Kf3 Ke7 33. h7 Bf7 34. Rxg5 Ne6 35. Bxe6 Bxe6 36. Rg8 Bxc3 37. h8=Q Bxh8
38. Rxh8 Kd6 39. Rh7 Bd7 40. Ke3 c5 41. c3 Bc6 42. Kf4 c4 43. a3 Kc5 44.
Ke5 a6 45. Rh2 Kb5 46. Kd4 Ka4 47. Rb2 Kxa3 48. Rb6 Ka2 49. Ke3 Ka3 50. Kd4
Ka2 51. Kc5 a5 52. Kd4 Ka3 53. Ke3 Ka2 54. Kd2 a4 55. Kc2 a3 56. Kc1 Ka1
57. Kd2 Ka2 58. Kc2 Ba4+ 59. Kc1 Bc6 60. Kc2 1/2-1/2

[Event "Open Duras BVK FIDE"]
[Site "Brno CZE"]
[Date "2009.06.27"]
[Round "2"]
[White "Zikan,K"]
[Black "Stanek,S"]
[Result "1/2-1/2"]
[WhiteElo "1816"]
[BlackElo "2075"]
[EventDate "2009.06.26"]

1. c4 d6 2. Nc3 c6 3. Nf3 Nf6 4. g3 Bg4 5. Bg2 Nbd7 6. O-O e5 7. d3 Be7 8.
Rb1 h6 9. b4 O-O 10. b5 Qc7 11. Nd2 Bf5 12. Nde4 Nxe4 13. Nxe4 Nf6 14.
Nxf6+ Bxf6 15. bxc6 bxc6 16. Bd2 Rfc8 17. Qa4 Qd7 18. Rb3 Bh3 19. Rfb1 Bxg2
20. Kxg2 Bd8 21. Rb7 Qg4 22. f3 Qd4 23. Qb3 d5 24. cxd5 Qxd5 25. Be3 Qxb3
26. R1xb3 Bb6 27. Kf2 c5 28. a4 c4 29. dxc4 Rxc4 30. Bxb6 axb6 31. R3xb6
Rcxa4 32. Re7 R4a5 33. Rbb7 Rf8 34. g4 g6 35. Ke3 Kg7 36. h4 g5 37. h5 Kf6
38. Rec7 Ra6 39. Kf2 1/2-1/2

[Event "Open Duras BVK FIDE"]
[Site "Brno CZE"]
[Date "2009.06.27"]
[Round "2"]
[White "Milfort,V"]
[Black "Schuster,P"]
[Result "1/2-1/2"]
[WhiteElo "1731"]
[BlackElo "1918"]
[EventDate "2009.06.26"]

1. d4 d5 2. Nf3 Nf6 3. c4 e6 4. Nc3 c5 5. dxc5 Bxc5 6. e3 Nc6 7. Be2 O-O 8.
O-O a6 9. a3 dxc4 10. Bxc4 b5 11. Be2 Bb7 12. b4 Be7 13. Bb2 Qb6 14. Qb3
Rad8 15. Rfd1 h6 16. Rac1 Rxd1+ 17. Rxd1 Rd8 18. Rxd8+ Qxd8 19. Qd1 1/2-1/2

[Event "Open Duras BVK FIDE"]
[Site "Brno CZE"]
[Date "2009.06.27"]
[Round "2"]
[White "Nemec,M"]
[Black "Turza,P"]
[Result "1/2-1/2"]
[WhiteElo "1913"]
[BlackElo "1837"]
[EventDate "2009.06.26"]

1. Nf3 d6 2. d4 Nd7 3. g3 e5 4. Bg2 c6 5. O-O Ngf6 6. dxe5 dxe5 7. Nc3 Qc7
8. Ng5 Be7 9. Nge4 O-O 10. Bg5 h6 11. Nxf6+ Nxf6 12. Bxf6 Bxf6 13. e3 Be6
14. Ne4 Qe7 15. Nxf6+ Qxf6 16. Qd6 Rfd8 17. Qb4 Rd7 18. Rad1 Rad8 19. Rxd7
Rxd7 20. b3 Qe7 21. Qa5 Bd5 22. Bxd5 Rxd5 23. Qxa7 Rd2 24. c4 f6 25. a4 Qb4
26. Qb8+ Kh7 27. Qc8 Qxb3 28. Qf5+ Kg8 29. Rb1 Rd1+ 30. Rxd1 Qxd1+ 31. Kg2
Qxa4 32. Qc8+ Kh7 33. Qf5+ Kg8 1/2-1/2

[Event "Open Duras BVK FIDE"]
[Site "Brno CZE"]
[Date "2009.06.27"]
[Round "2"]
[White "Petruska,M"]
[Black "Feranec,M"]
[Result "1-0"]
[WhiteElo "1901"]
[BlackElo "1834"]
[EventDate "2009.06.26"]

1. e4 Nc6 2. d4 d5 3. e5 Bf5 4. g4 Be4 5. f3 Bg6 6. h4 h5 7. g5 e6 8. Bd3
Nge7 9. c3 Nf5 10. Ne2 Be7 11. Rh3 Qd7 12. b4 a6 13. a4 Nd8 14. Qc2 O-O 15.
Nf4 Kh7 16. Nd2 Kg8 17. Nf1 b6 18. Ng3 Nxg3 19. Nxg6 fxg6 20. Rxg3 Rf5 21.
Bxf5 exf5 22. f4 Ne6 23. Qf2 Rc8 24. Rd3 c6 25. Qf3 Kh7 26. Kf2 Qb7 27. Kg3
Rd8 28. Be3 Rd7 29. Rd2 Bf8 30. Rb2 Qc7 31. Qe2 Qc8 32. Qd3 Be7 33. Rc1 Qa8
34. c4 Bd8 35. cxd5 cxd5 36. Rbc2 Rc7 37. Rxc7 Nxc7 38. Qc3 Qb7 39. Qc6
Qxc6 40. Rxc6 b5 41. axb5 axb5 42. Bd2 Kg8 43. Rd6 Kf8 44. Rxd8+ Ke7 45.
Rg8 Ne8 46. e6 Nd6 47. Rxg7+ Kf8 48. Rxg6 Ne4+ 49. Kg2 Nxd2 50. Rf6+ Ke7
51. Rxf5 Kxe6 52. Re5+ Kf7 53. Rxd5 Ne4 54. Rxb5 Kg6 55. f5+ Kg7 56. Rb7+
1-0

[Event "Open Duras BVK FIDE"]
[Site "Brno CZE"]
[Date "2009.06.27"]
[Round "2"]
[White "Kuchynka,Lub"]
[Black "Drab,T"]
[Result "1-0"]
[WhiteElo "2050"]
[BlackElo "1889"]
[EventDate "2009.06.26"]

1. d4 Nf6 2. c4 c6 3. Nc3 d5 4. Nf3 e6 5. Bg5 h6 6. Bh4 dxc4 7. e4 g5 8.
Bg3 b5 9. Be2 Bb7 10. h4 g4 11. Ne5 h5 12. O-O Nbd7 13. Qc2 Nxe5 14. Bxe5
Rg8 15. Rad1 Nd7 16. Bg3 Qb6 17. d5 c5 18. dxe6 fxe6 19. b3 cxb3 20. Qd3
O-O-O 21. Nxb5 e5 22. axb3 Be7 23. Ra1 a6 24. Nc3 Nf8 25. Nd5 Qe6 26. Qc3
Rxd5 27. Bc4 Ng6 28. exd5 Bxd5 29. Rxa6 Bd6 30. Rd1 Ne7 31. Bxd5 Nxd5 32.
Qc4 1-0

[Event "Open Duras BVK FIDE"]
[Site "Brno CZE"]
[Date "2009.06.27"]
[Round "2"]
[White "Kalod,M"]
[Black "Docekal,A"]
[Result "1-0"]
[WhiteElo "1879"]
[BlackElo "1714"]
[EventDate "2009.06.26"]

1. e4 e6 2. d4 d5 3. Nd2 dxe4 4. Nxe4 Nd7 5. Bd3 Ngf6 6. Bg5 Be7 7. Nxf6+
Bxf6 8. Be3 b6 9. Qf3 Rb8 10. Ne2 Bb7 11. Qh3 e5 12. c3 exd4 13. cxd4 Qe7
14. O-O Be4 15. Bb5 c6 16. Bf4 cxb5 17. Bxb8 Nxb8 18. Rfe1 Bxg2 19. Qc8+
Qd8 20. Nf4+ Kf8 1-0

[Event "Open Duras BVK FIDE"]
[Site "Brno CZE"]
[Date "2009.06.27"]
[Round "2"]
[White "Mouryc,T"]
[Black "Blahynka,M"]
[Result "1/2-1/2"]
[WhiteElo "1992"]
[BlackElo "1873"]
[EventDate "2009.06.26"]

1. Nf3 d5 2. d4 Nf6 3. Bf4 e6 4. e3 c5 5. c4 Nc6 6. dxc5 Bxc5 7. Be2 Bb4+
8. Nbd2 Ne4 9. O-O Nxd2 10. Nxd2 O-O 11. Nf3 dxc4 12. Bxc4 b6 13. Qe2 Qe7
14. Rfd1 a5 15. Rac1 Bb7 16. a3 Bc5 17. Ng5 h6 18. Ne4 Rfd8 19. Nc3 Bd6 20.
Bxd6 Rxd6 21. Rxd6 Qxd6 22. Rd1 Qe7 23. Rd2 Rd8 24. Rxd8+ Qxd8 25. Qd3 Qxd3
26. Bxd3 Ne5 1/2-1/2

[Event "Open Duras BVK FIDE"]
[Site "Brno CZE"]
[Date "2009.06.27"]
[Round "2"]
[White "Rezny,F"]
[Black "Balkova,A"]
[Result "0-1"]
[WhiteElo "1665"]
[BlackElo "1866"]
[EventDate "2009.06.26"]

1. e4 c5 2. b4 cxb4 3. a3 e6 4. Bc4 Nc6 5. Nf3 Na5 6. Ba2 b6 7. O-O Bb7 8.
Re1 Nf6 9. e5 Nd5 10. axb4 Nxb4 11. Ba3 Bxf3 12. gxf3 Nxa2 13. Bxf8 Rxf8
14. Rxa2 f6 15. f4 g6 16. Ra3 fxe5 17. fxe5 Qg5+ 18. Rg3 Qf5 19. Qe2 Rc8
20. d3 Nc6 21. c3 Ne7 22. Nd2 Nd5 23. Nc4 Rxc4 24. dxc4 Nf4 25. Qd2 Nh3+
26. Kg2 Nxf2 27. Rf1 Qe4+ 28. Kg1 Qh1+ 0-1

[Event "Open Duras BVK FIDE"]
[Site "Brno CZE"]
[Date "2009.06.28"]
[Round "3"]
[White "Snorek,M"]
[Black "Smistik,M"]
[Result "1/2-1/2"]
[WhiteElo "2155"]
[BlackElo "2311"]
[EventDate "2009.06.26"]

1. d4 Nf6 2. Nf3 g6 3. c4 Bg7 4. Nc3 d5 5. Bg5 Ne4 6. cxd5 Nxg5 7. Nxg5 e6
8. Nf3 exd5 9. e3 O-O 10. Bd3 b6 11. O-O Bb7 12. b4 c5 13. bxc5 bxc5 14.
Rb1 Bc6 15. Bb5 Qa5 16. Bxc6 Nxc6 17. Rb5 Qxc3 18. Rxc5 Qb2 19. Rxc6 Qxa2
20. Qa1 Qxa1 21. Rxa1 a5 22. Ra4 Rfb8 23. g4 Bf8 24. Ne5 Rb4 25. Rxb4 Bxb4
26. Nd7 Kg7 27. Nf6 a4 28. Nxd5 Bd2 29. Rc2 a3 30. Ra2 Bc1 31. Kf1 Rc8 32.
Ke2 Bb2 33. Kd2 Rc1 34. Nb4 Rh1 35. Nd3 Rxh2 36. Ke2 Rg2 37. Kf3 Rg1 38.
Nxb2 axb2 39. Rxb2 h5 40. gxh5 gxh5 41. Rb5 Kg6 42. Rb6+ f6 43. Rb8 Kg7 44.
d5 Rd1 45. e4 h4 46. Kg4 f5+ 47. Kxf5 h3 48. Rb7+ Kg8 49. Rb8+ Kg7 50. Rb7+
1/2-1/2

[Event "Open Duras BVK FIDE"]
[Site "Brno CZE"]
[Date "2009.06.28"]
[Round "3"]
[White "Kredl,K"]
[Black "Cagasik,T"]
[Result "0-1"]
[WhiteElo "2103"]
[BlackElo "2259"]
[EventDate "2009.06.26"]

1. b3 e5 2. Bb2 Nc6 3. c4 Nf6 4. e3 d5 5. cxd5 Qxd5 6. Nc3 Qd8 7. a3 a6 8.
Qc2 Bg4 9. Nf3 Bxf3 10. gxf3 g6 11. Be2 Bg7 12. O-O-O O-O 13. h4 Qd6 14. h5
Nxh5 15. Ne4 Qe7 16. f4 Nf6 17. Nxf6+ Bxf6 18. fxe5 Nxe5 19. d4 Nd7 20. Kb1
c5 21. dxc5 Rfd8 22. b4 a5 23. Bc4 axb4 24. axb4 Ne5 25. Bd5 Nc6 26. Qc4
Bxb2 27. Kxb2 Qf6+ 28. Kc2 Ra2+ 29. Qxa2 Nxb4+ 30. Kb1 Nxa2 31. Bxa2 Rxd1+
32. Rxd1 Qxf2 0-1

[Event "Open Duras BVK FIDE"]
[Site "Brno CZE"]
[Date "2009.06.28"]
[Round "3"]
[White "Meszaros,Lu"]
[Black "Mlensky,D"]
[Result "0-1"]
[WhiteElo "2218"]
[BlackElo "2093"]
[EventDate "2009.06.26"]

1. Nf3 f5 2. g3 b6 3. Bg2 Bb7 4. O-O Nf6 5. d3 g6 6. Nc3 Bg7 7. e4 fxe4 8.
Ng5 O-O 9. dxe4 e5 10. Be3 h6 11. Nh3 Ba6 12. Re1 Nc6 13. Nd5 Kh7 14. c3
Na5 15. Qa4 Bb7 16. Rad1 Bc6 17. Qc2 Nc4 18. Bc1 a5 19. b3 Nd6 20. Nxb6 Ra6
21. Nd5 a4 22. Nb4 axb3 23. axb3 Rb6 24. Nxc6 Rxc6 25. Ba3 Nfe8 26. f3 Rf7
27. Rd5 Qb8 28. c4 Qa7+ 29. c5 Qxa3 30. Nf2 Nb5 31. Qc4 Nbd6 32. Qc3 Nb5
33. Qc4 Ned6 34. Qa4 Qxa4 35. bxa4 Nc3 36. cxd6 Nxd5 37. exd5 Rxd6 38. Ra1
e4 39. Ra3 Bd4 40. Kf1 exf3 41. Bxf3 Rdf6 42. Kg2 Bc5 43. Rc3 Bd4 44. Ra3
Bc5 45. Rc3 Bb4 46. Rb3 Rb6 47. Nd3 Bd6 48. Rc3 Rb1 49. Be4 Ra1 50. Rc4
Ra2+ 51. Kh3 Kg7 52. Nc1 Ra3 53. Ne2 Rf2 54. Nd4 Raa2 55. Nc2 h5 0-1